| 000 | 00404cam a2200169 4500 | ||
|---|---|---|---|
| 001 | D13909 | ||
| 008 | 090401t1939 xxu||||| |||| 00| 0 eng d | ||
| 035 | _a(Sirsi) u12270 | ||
| 041 | _aeng | ||
| 100 | _aSkinner, C. William | ||
| 245 | _aRent and mortgage emergency legislation | ||
| 260 |
_aLondon _bEstate Gazette _c1939 |
||
| 350 | _a0 | ||
| 520 | _aShelf 183 | ||
| 942 | _n0 | ||
| 948 | _c04/03/1997 | ||
| 999 |
_c86964 _d86964 |
||